| 000 | 004750000a22001690004500 | ||
|---|---|---|---|
| 003 | MACL | ||
| 005 | 20160303134244.0 | ||
| 008 | 160303b xxu||||| |||| 00| 0 eng d | ||
| 040 |
_aMACL _cMACL |
||
| 041 | _aHindi | ||
| 082 | _a891.431 | ||
| 100 |
_aरामधारी सिंह दिनकर _942412 |
||
| 245 | _aनीम के पत्ते | ||
| 260 |
_bउदयाचल _c1956 _aपटना |
||
| 650 |
_aPoetry _942413 |
||
| 942 |
_cHIN _k891.431 _2ddc |
||
| 999 |
_c25418 _d25418 |
||